|
|
|
|
| LEADER |
01297nam a2200313 a 4500 |
| 001 |
32318 |
| 003 |
BD-DhAAL |
| 005 |
20171116144415.0 |
| 008 |
171116s2011 nyua b 001 0 eng |
| 999 |
|
|
|c 38575
|d 38575
|
| 010 |
|
|
|a 96047811
|
| 020 |
|
|
|a 9780465025268
|
| 020 |
|
|
|a 0201150255
|
| 040 |
|
|
|a DLC
|c DLC
|d DLC
|d BD-DhAAL
|
| 050 |
0 |
0 |
|a QC793.3.S9
|b F49 1997
|
| 082 |
0 |
0 |
|a 530.11
|2 21
|
| 100 |
1 |
|
|a Feynman, Richard P.
|q (Richard Phillips),
|d 1918-1988.
|9 23764
|
| 245 |
1 |
0 |
|a Six not-so-easy pieces :
|b Einstein's relativity, symmetry, and space-time /
|c Richard P. Feynman ; originally prepared for publication by Robert B. Leighton and Matthew Sands ; new introduction by Roger Penrose.
|
| 260 |
|
|
|a New York :
|b Basic Books,
|c c 2011.
|
| 300 |
|
|
|a xxvii, 154 pages :
|b illustrations ;
|c 24 cm.
|
| 490 |
0 |
|
|a Helix books
|
| 504 |
|
|
|a Includes bibliographical references and index.
|
| 526 |
|
|
|a MNS
|
| 541 |
|
|
|a STS International
|e 32318
|
| 650 |
|
0 |
|a Symmetry (Physics)
|9 23765
|
| 650 |
|
0 |
|a Special relativity (Physics)
|9 23766
|
| 650 |
|
0 |
|a Space and time.
|9 23767
|
| 942 |
|
|
|2 ddc
|c BK
|
| 952 |
|
|
|0 0
|1 0
|2 ddc
|4 0
|6 530_110000000000000_FEY
|7 0
|9 61867
|a BRACUL
|b BRACUL
|c GEN
|d 2017-11-14
|e STS International
|g 1499.00
|l 6
|m 112
|o 530.11 FEY
|p 3010032318
|r 2025-03-23
|s 2024-12-12
|t 1
|v 1499.00
|w 2017-11-14
|y BK
|